=LDR 00000nam 2200000 4500 =001 INLIS000000000046840 =005 20200318094102 =035 ##$$a 0010-051500000000099 =008 200318################g##########0#ind## =020 ##$$a 978-602-8739-25-2 =040 ##$$a NBPDMAT =082 ##$$a 291.1 =090 ##$$a 291.1 $b Mem m =245 ##$$a Memelihara harmoni dari bawah peran kelompok keagamaan dalam pemeliharaan kerukunan umat beragama /$c Editor, Bashori A Hakim =260 ##$$a Jakarta :$b Badan Litbang dan Diklat Kementrian Agama RI,$c 2014 =300 ##$$a xxxii, 260 hlm. ; $c 21 x 15 cm. =650 #4$$a Kerukunan umat beragama =084 ##$$a 291.1 MEM m =990 ##$$a 31500325